[Event "Taastrup Winter 2nd Nederste"]
[Site "Taastrup"]
[Date "2016.12.26"]
[Round "4"]
[White "Hansen, Jacob Brendstrup"]
[Black "Nielsen, Jan Bach"]
[Result "1-0"]
[WhiteElo "1186"]
[BlackElo "1000"]
[PlyCount "55"]
[EventDate "2016.11.11"]
[EventType "swiss"]
[EventRounds "9"]
[EventCountry "DEN"]
[SourceTitle "EXT 2024"]
[Source "ChessBase"]
[SourceDate "2023.10.10"]
[SourceVersion "1"]
[SourceVersionDate "2023.10.10"]
[SourceQuality "1"]

1. d4 d5 2. c4 e6 3. Nc3 g6 4. e3 Bb4 5. Nge2 Bxc3+ 6. Nxc3 Ne7 7. Bd3 0-0 8. 0-0 b6 9. e4 Bb7 10. Qf3 dxe4 11. Bxe4 Bxe4 12. Nxe4 Qe8 13. Nf6+ Kg7 14. Nxe8+ Rxe8 15. Qxa8 Kf8 16. Qf3 Nd7 17. Bg5 Nf5 18. Rfe1 Nxd4 19. Qc3 e5 20. Qh3 f6 21. Bh6+ Ke7 22. Qa3+ Ke6 23. f4 Nc2 24. Qd3 Nxe1 25. Qd5+ Ke7 26. fxe5 c6 27. Qd6+ Kd8 28. exf6 1-0